EL COMERCIO EXTERIOR DE MEXICO/

Tallennettuna:
Bibliografiset tiedot
Muut tekijät: Acevedo Garat, Miguel (autor) (autor)
Aineistotyyppi: Kirja
Aiheet:
Tagit: Lisää tagi
Ei tageja, Lisää ensimmäinen tagi!

MARC

LEADER 00000nam^a2200000^a^4500
001 000224354
005 20250521000000.0
009 20260310104048.212
020 |a 968-23-1210-8 
035 |a 043364 
037 |a Acervo Xavier Clavigero 
082 |a 382. 0972  |b COM V. 
245 1 3 |a EL COMERCIO EXTERIOR DE MEXICO/  |c MIGUEL ACEVEDO GARAT ...[ ET. AL.] 
264 |a MEXICO :  |b SIGLO XXI,  |c 1982 
300 |a 3 v. 
336 |a texto  |b txt  |2 rdacontenido 
337 |a sin mediación  |b n  |2 rdamedio 
338 |a volumen  |b nc  |2 rdasoporte 
649 |a XX 
650 |a Comercio Exterior -  |z México 
650 |a Comercio Exterior -  |z México 
650 |a Política Económica 
700 |a Acevedo Garat, Miguel  |e (autor) 
910 |a Fondo General 
920 |a Impresos - Libros 
930 |a Colección General 
905 |a 101 
901 |a 043364  |b IT1  |c ACC  |i 043364  |u 20250521 
901 |a 043362  |b IT1  |c ACC  |i 043362  |u 20250521 
901 |a 043363  |b IT1  |c ACC  |i 043363  |u 20250521 
902 |a https://opac.biblio.iteso.mx/vufind/Record/000224354